000
00278nam a2200121Ia 4500
008
190216s9999||||xx |||||||||||||| ||und||
100
_a
Gupta R R & Gupta V S
245
0
_a
Three Taxes
260
_b
Mira Prakashan
_c
1979
300
_a
546p
650
_a
Commerce
942
_c
BK
999
_c
4400
_d
4400